[Event "TUR-chT2"]
[Site "Konya"]
[Date "2017.07.14"]
[Round "8.4"]
[White "Gur, Dogan"]
[Black "Saglam, Baver"]
[Result "0-1"]
[WhiteElo "1517"]
[BlackElo "1239"]
[PlyCount "48"]
[EventDate "2017.07.09"]
[EventType "team-swiss"]
[EventRounds "9"]
[EventCountry "TUR"]
[SourceTitle "CBM 179 Extra"]
[Source "ChessBase"]
[SourceDate "2017.08.23"]
[SourceVersion "1"]
[SourceVersionDate "2017.08.23"]
[SourceQuality "1"]
[WhiteTeam "Mezopotamya"]
[BlackTeam "Cendosk Cendere Doga"]
[WhiteTeamCountry "TUR"]
[BlackTeamCountry "TUR"]

1. d4 Nf6 2. c4 g6 3. Nc3 Bg7 4. e4 d6 5. f3 Nbd7 6. Be3 0-0 7. Bd3 e5 8. Nge2 a6 9. 0-0 Re8 10. d5 Nc5 11. Bc2 a5 12. a3 Bd7 13. b4 axb4 14. axb4 Rxa1 15. Qxa1 Na6 16. b5 Nc5 17. Qa7 b6 18. Ra1 Bc8 19. Na2 Nfd7 20. Nb4 Bb7 21. Nc6 Qh4 22. Qa3 Ra8 23. Qb2 Bf8 24. Rxa8 Qe1# 0-1